[Event "14. Lichtenberger Sommer"]
[Site "14. Lichtenberger Sommer"]
[Date "2015.08.15"]
[Round "1.79"]
[White "Brasoy, Aksel"]
[Black "Paris, Gerhard"]
[Result "1-0"]
[WhiteElo "1959"]
[BlackElo "1530"]
[PlyCount "69"]
[EventDate "2015.??.??"]
[WhiteTeam "Alta sjakklubb"]
[BlackTeam "TSG Oberschöneweide"]

1. d4 Nf6 2. c4 g6 3. Nc3 Bg7 4. e4 d6 5. Nf3 O-O 6. Be2 e5 7. d5 Nbd7 8. Bg5
Nc5 9. Nd2 h6 10. Be3 b6 11. b4 Nb7 12. Nb3 Bd7 13. c5 bxc5 14. bxc5 dxc5 15.
Nxc5 Nxc5 16. Bxc5 Re8 17. O-O c6 18. Rb1 cxd5 19. Nxd5 Nxe4 20. Bb4 Nf6 21.
Ne3 Be6 22. Qa4 a5 23. Be1 Qd4 24. Bb5 Qxa4 25. Bxa4 Red8 26. Bc6 Ra7 27. a4
Bd7 28. Bxd7 Nxd7 29. Rb5 Rc8 30. Bxa5 Nc5 31. Bb6 Rb7 32. Rxc5 Rcb8 33. a5 Bf8
34. Rxe5 Bd6 35. Rd5 1-0

[Event "14. Lichtenberger Sommer"]
[Site "14. Lichtenberger Sommer"]
[Date "2015.08.15"]
[Round "1.80"]
[White "Kostanyan, Hakob"]
[Black "Dreke, Frank"]
[Result "0-1"]
[WhiteElo "1583"]
[BlackElo "2003"]
[PlyCount "60"]
[EventDate "2015.??.??"]
[WhiteTeam "SC Weisse Dame (Berlin)"]
[BlackTeam "SV Mattnetz Berlin"]

1. e4 Nf6 2. e5 Nd5 3. d4 d6 4. c4 Nb6 5. Nc3 dxe5 6. dxe5 Qxd1+ 7. Nxd1 Nc6 8.
Nf3 Bg4 9. Bf4 e6 10. Be2 Bb4+ 11. Kf1 O-O-O 12. Ng5 Bxe2+ 13. Kxe2 Nd4+ 14.
Kf1 Nc2 15. Rc1 Rd4 16. b3 Rhd8 17. Ke2 Bd2 18. Bxd2 Rxd2+ 19. Kf3 Nd7 20. Kf4
Nc5 21. Kg3 Nd3 22. Rb1 Nxe5 23. Nb2 Nd4 24. Rhe1 f6 25. Ne4 Ne2+ 26. Kh3 Rc2
27. Nc5 Rd6 28. Ne4 Rd4 29. Nc5 Rdd2 30. Nba4 Nf4+ 0-1

[Event "14. Lichtenberger Sommer"]
[Site "14. Lichtenberger Sommer"]
[Date "2015.08.15"]
[Round "1.81"]
[White "Zeller, Elisa"]
[Black "Möller, Dirk"]
[Result "0-1"]
[WhiteElo "1947"]
[BlackElo "1571"]
[PlyCount "87"]
[EventDate "2015.??.??"]
[WhiteTeam "SF Göppingen"]
[BlackTeam "SC Kreuzberg"]

1. e4 e5 2. Nf3 Nc6 3. Bb5 Nf6 4. O-O Nxe4 5. Re1 d5 6. Nxe5 Bd6 7. Nxc6 Bxh2+
8. Kf1 Qh4 9. Qf3 O-O 10. d3 Bg4 11. Ne7+ Kh8 12. Rxe4 dxe4 13. Qxe4 Bf4 14. f3
Qh1+ 15. Kf2 Qxc1 16. Nc3 Qxa1 17. Qxf4 Qxb2 18. Qd2 Be6 19. d4 c6 20. Bd3 Qb4
21. Qg5 Qxd4+ 22. Kf1 Bc4 23. Ne2 Qa1+ 24. Kf2 Bxd3 25. cxd3 Qxa2 26. Nf5 Rg8
27. Nd6 h6 28. Qh5 Rgf8 29. Nf5 Qe6 30. Nf4 Qf6 31. g4 Kh7 32. d4 Qg5 33. Qh2
Rad8 34. Ne2 c5 35. Qg3 cxd4 36. f4 Qf6 37. Qh3 Qb6 38. Qd3 Qg6 39. g5 Rfe8 40.
Qh3 Qe6 41. Qd3 Qe4 42. Qb5 Qxe2+ 43. Qxe2 Rxe2+ 44. Kxe2 0-1

[Event "14. Lichtenberger Sommer"]
[Site "14. Lichtenberger Sommer"]
[Date "2015.08.15"]
[Round "1.82"]
[White "Radloff, Rainer"]
[Black "Wierzbicki, Jirawat"]
[Result "0-1"]
[WhiteElo "1667"]
[BlackElo "1961"]
[PlyCount "78"]
[EventDate "2015.??.??"]
[WhiteTeam "SC Weisse Dame e.V."]
[BlackTeam "SK König Tegel"]

1. Nf3 d5 2. d4 Nf6 3. Bg5 e6 4. e3 Be7 5. c4 O-O 6. Nc3 b6 7. Bxf6 Bxf6 8.
cxd5 exd5 9. Bd3 Bb7 10. O-O c5 11. Qc2 g6 12. dxc5 bxc5 13. b3 Nc6 14. a3 Rc8
15. Rac1 Ne5 16. Nxe5 Bxe5 17. Qe2 Qf6 18. Nb1 Rfe8 19. Bb5 Re7 20. Rc2 Qd6 21.
h3 d4 22. Rd1 Qd5 23. e4 Qxe4 24. Qxe4 Bxe4 25. Re2 Bc6 26. Bc4 Rce8 27. Rde1
Bd6 28. Bd3 Rxe2 29. Rxe2 Bd5 30. Nd2 Rb8 31. Bc2 Bf4 32. Nc4 d3 33. Bxd3 Rxb3
34. Bc2 Bxc4 35. Re8+ Kg7 36. Bxb3 Bxb3 37. Ra8 c4 38. Rxa7 c3 39. g3 c2 0-1

[Event "14. Lichtenberger Sommer"]
[Site "14. Lichtenberger Sommer"]
[Date "2015.08.15"]
[Round "1.83"]
[White "Birkholz, Axel"]
[Black "Bernstein, Jeremy"]
[Result "1-0"]
[WhiteElo "1895"]
[BlackElo "1552"]
[PlyCount "53"]
[EventDate "2015.??.??"]
[WhiteTeam "SR Spaichingen"]
[BlackTeam "SC Kreuzberg"]

1. e4 c6 2. d4 d5 3. e5 Bf5 4. Nf3 e6 5. Be2 Nd7 6. O-O Ne7 7. Be3 c5 8. dxc5
Nc6 9. Bb5 Bg4 10. h3 Bxf3 11. Qxf3 Ndxe5 12. Qg3 Ng6 13. Bd4 Qa5 14. Bxc6+
bxc6 15. c3 Qd8 16. Nd2 Rc8 17. f4 Qh4 18. Qf3 Qh6 19. Rae1 Be7 20. Qg4 Qh4 21.
Qf3 Qh6 22. Re2 O-O 23. Qg4 Qh4 24. f5 Qxg4 25. hxg4 e5 26. fxg6 fxg6 27. Rxe5
1-0

[Event "14. Lichtenberger Sommer"]
[Site "14. Lichtenberger Sommer"]
[Date "2015.08.15"]
[Round "1.84"]
[White "Koerber, Bernhard"]
[Black "Janse, Alexander"]
[Result "0-1"]
[WhiteElo "1603"]
[BlackElo "1881"]
[PlyCount "50"]
[EventDate "2015.??.??"]
[WhiteTeam "Lasker Steglitz-Wilmersdorf"]
[BlackTeam "SSV Klim-Op"]

1. e4 c5 2. Nc3 d6 3. f4 e6 4. Nf3 b5 5. d3 Nc6 6. Be3 Nf6 7. Be2 Bb7 8. O-O
Be7 9. Qe1 d5 10. exd5 exd5 11. d4 Ng4 12. Qd2 Nxe3 13. Qxe3 cxd4 14. Nxd4 Qb6
15. Rad1 Nxd4 16. Rxd4 O-O 17. Rfd1 Bc5 18. Bf3 Rfe8 19. Qd3 Rad8 20. Kf1 Bxd4
21. Qxd4 Qe6 22. Bxd5 Bxd5 23. Nxd5 Qe2+ 24. Kg1 Qxc2 25. Nf6+ gxf6 0-1

[Event "14. Lichtenberger Sommer"]
[Site "14. Lichtenberger Sommer"]
[Date "2015.08.15"]
[Round "1.85"]
[White "Oginski, Ulrich"]
[Black "Toth, Hans-Jürgen"]
[Result "1/2-1/2"]
[WhiteElo "1885"]
[BlackElo "1571"]
[PlyCount "113"]
[EventDate "2015.??.??"]
[WhiteTeam "SC Weisse Dame (Berlin)"]
[BlackTeam "SF Zehdenick"]

1. Nf3 f5 2. c4 Nf6 3. g3 e6 4. Bg2 d5 5. O-O c6 6. b3 Bd6 7. d4 O-O 8. Ba3 Ne4
9. Bxd6 Qxd6 10. c5 Qe7 11. e3 Nd7 12. Nbd2 Ndf6 13. Nxe4 Nxe4 14. Ne5 Bd7 15.
Nxd7 Qxd7 16. f4 b6 17. Bxe4 fxe4 18. Qc2 Rf6 19. Rfc1 b5 20. a4 b4 21. a5 a6
22. Ra4 Rb8 23. Qd2 Qb7 24. Qe2 Qb5 25. Ra2 Qxe2 26. Rxe2 Rb5 27. Ra1 Kf7 28.
g4 Rh6 29. Kg2 g6 30. Kg3 Ke7 31. h4 Kd7 32. Rh2 Ke7 33. h5 Kf7 34. hxg6+ Kxg6
35. Rxh6+ Kxh6 36. g5+ Kg6 37. Kg4 h5+ 38. gxh6 Kxh6 39. f5 Kg7 40. fxe6 Kf6
41. e7 Kxe7 42. Kf5 Rb8 43. Rh1 Rf8+ 44. Ke5 Rf7 45. Rh8 Rf3 46. Rh7+ Kf8 47.
Kd6 Rxe3 48. Kxc6 Rxb3 49. Kxd5 e3 50. c6 Rc3 51. c7 Kg8 52. Re7 Kf8 53. Rxe3
Rxc7 54. Rb3 Rb7 55. Kc4 Rb5 56. Rxb4 Rxa5 57. Rb7 1/2-1/2

[Event "14. Lichtenberger Sommer"]
[Site "14. Lichtenberger Sommer"]
[Date "2015.08.15"]
[Round "1.86"]
[White "Hömke, Holger"]
[Black "Thesing, Ansgar"]
[Result "0-1"]
[WhiteElo "1568"]
[BlackElo "1933"]
[PlyCount "44"]
[EventDate "2015.??.??"]
[WhiteTeam "SK Zehlendorf"]
[BlackTeam "SC Kreuzberg"]

1. c4 e5 2. Nc3 Nc6 3. g3 g6 4. Bg2 Bg7 5. Nf3 f5 6. d3 Nf6 7. Bg5 O-O 8. e4 d6
9. Qd2 fxe4 10. dxe4 Be6 11. b3 Qd7 12. h3 Nd4 13. Bxf6 Nxf3+ 14. Bxf3 Rxf6 15.
Bg2 Raf8 16. f3 a6 17. O-O-O R6f7 18. Nd5 b5 19. h4 bxc4 20. bxc4 Rb8 21. h5
Qa4 22. Qc2 Qa3+ 0-1

[Event "14. Lichtenberger Sommer"]
[Site "14. Lichtenberger Sommer"]
[Date "2015.08.15"]
[Round "1.87"]
[White "Becker, Jared"]
[Black "Sauer, Jakob"]
[Result "1-0"]
[WhiteElo "1968"]
[BlackElo "1404"]
[PlyCount "65"]
[EventDate "2015.??.??"]
[WhiteTeam "SC Tarrasch München"]
[BlackTeam "Schachunion Berlin"]

1. e4 c5 2. Nf3 a6 3. c4 Nc6 4. d4 cxd4 5. Nxd4 e5 6. Nc2 Be7 7. Nc3 Nf6 8. Be2
d6 9. O-O Be6 10. Bg5 O-O 11. Qd2 Nd7 12. Bxe7 Qxe7 13. Rfd1 Rfd8 14. Qxd6 Qxd6
15. Rxd6 Nb6 16. Rxd8+ Rxd8 17. b3 f5 18. Nd5 Bxd5 19. exd5 Ne7 20. Rd1 Nec8
21. c5 Na8 22. b4 Ne7 23. Bc4 Kf8 24. d6 Nc8 25. Rd5 b5 26. Bb3 g6 27. Rxe5
Nxd6 28. cxd6 Rxd6 29. Rd5 Rxd5 30. Bxd5 Nc7 31. Bb7 Ke7 32. f4 Kf6 33. Kf2 1-0

[Event "14. Lichtenberger Sommer"]
[Site "14. Lichtenberger Sommer"]
[Date "2015.08.15"]
[Round "1.88"]
[White "Allaart, Jesse"]
[Black "Keusch, Horst"]
[Result "0-1"]
[WhiteElo "1546"]
[BlackElo "1984"]
[PlyCount "98"]
[EventDate "2015.??.??"]
[WhiteTeam "HMC Den Bosch"]
[BlackTeam "SC Eintracht Berlin"]

1. e4 g6 2. d4 c6 3. Nc3 d5 4. e5 Bg7 5. f4 Nh6 6. Nf3 O-O 7. Be2 f6 8. O-O Bf5
9. Bd3 fxe5 10. fxe5 Na6 11. Nh4 Bxd3 12. Qxd3 Rxf1+ 13. Qxf1 Nc7 14. Na4 Ne6
15. Nf3 Qa5 16. b3 Rf8 17. Bd2 Qd8 18. c3 Nf5 19. Qe2 Qc8 20. Ng5 b6 21. Rf1
Nxg5 22. Bxg5 h6 23. Be3 Kh7 24. g4 Nxe3 25. Rxf8 Bxf8 26. Qxe3 Qxg4+ 27. Kf2
e6 28. Nb2 Be7 29. Qf3 Qh4+ 30. Ke2 Kg7 31. Nd3 Qxh2+ 32. Qf2 Qxf2+ 33. Kxf2 g5
34. Kg3 Kg6 35. Nf2 h5 36. Nd3 Kf5 37. Nf2 g4 38. b4 h4+ 39. Kg2 Bg5 40. Nd3
Bd2 41. b5 cxb5 42. Nb4 Bxc3 43. Nc6 a5 44. Ne7+ Kg5 45. Nc6 b4 46. Nd8 Kf5 47.
Nc6 a4 48. Ne7+ Kg5 49. Nc6 b3 0-1

[Event "14. Lichtenberger Sommer"]
[Site "14. Lichtenberger Sommer"]
[Date "2015.08.15"]
[Round "1.89"]
[White "Schönberger, Kay"]
[Black "Wilke, Hans-Peter"]
[Result "1/2-1/2"]
[WhiteElo "1918"]
[BlackElo "1655"]
[PlyCount "94"]
[EventDate "2015.??.??"]
[WhiteTeam "SV Koblenz"]
[BlackTeam "Läufer Reinickendorf"]

1. d4 Nf6 2. c4 g6 3. Nc3 d5 4. cxd5 Nxd5 5. e4 Nxc3 6. bxc3 Bg7 7. Ba3 O-O 8.
Bc4 Nd7 9. Ne2 Nb6 10. Bd3 Re8 11. O-O c6 12. e5 Be6 13. Nf4 Bc4 14. Re1 Bxd3
15. Qxd3 Nd5 16. Nxd5 cxd5 17. Rab1 b6 18. Rec1 Rc8 19. c4 Rxc4 20. Rxc4 dxc4
21. Qxc4 Qd7 22. Rc1 e6 23. Qc6 Qxc6 24. Rxc6 Bf8 25. Bb2 Rd8 26. Rc7 Bc5 27.
Rxa7 Bxd4 28. Bxd4 Rxd4 29. g3 b5 30. Ra8+ Kg7 31. Kg2 h5 32. Kf3 g5 33. Ke3
Rc4 34. Ra3 Kg6 35. Rb3 Rc5 36. Ke4 g4 37. Rb2 f5+ 38. exf6 Kxf6 39. f4 gxf3
40. Kxf3 Kf5 41. h3 e5 42. g4+ hxg4+ 43. hxg4+ Kg5 44. Rb4 Kf6 45. Ke4 Kg5 46.
Kf3 Rc3+ 47. Ke4 Rc5 1/2-1/2

[Event "14. Lichtenberger Sommer"]
[Site "14. Lichtenberger Sommer"]
[Date "2015.08.15"]
[Round "1.90"]
[White "Bartoszewski-Reiski, Olaf"]
[Black "Steiner, Wolfram"]
[Result "0-1"]
[WhiteElo "1383"]
[BlackElo "1968"]
[PlyCount "46"]
[EventDate "2015.??.??"]
[WhiteTeam "BKS Chemik Bydgoszcz"]
[BlackTeam "SC Weisse Dame e.V."]

1. e4 e6 2. Nf3 d5 3. Nc3 d4 4. Ne2 c5 5. c3 Nc6 6. cxd4 cxd4 7. Ng3 Bc5 8. Bb5
Nge7 9. d3 Qa5+ 10. Bd2 Qxb5 11. Qc2 Nb4 12. Bxb4 Bxb4+ 13. Nd2 O-O 14. O-O
Bxd2 15. Qxd2 Nc6 16. f4 f5 17. e5 b6 18. Qe2 Bb7 19. Nh5 Nb4 20. Rfd1 Rac8 21.
Rd2 Rc7 22. a3 Nd5 23. Ng3 Nxf4 0-1

[Event "14. Lichtenberger Sommer"]
[Site "14. Lichtenberger Sommer"]
[Date "2015.08.15"]
[Round "1.91"]
[White "Jaeger, Andre"]
[Black "Pathasart, Somchay"]
[Result "1-0"]
[WhiteElo "1942"]
[BlackElo "1375"]
[PlyCount "93"]
[EventDate "2015.??.??"]
[WhiteTeam "SC Rochade (Berlin)"]
[BlackTeam "vereinslos"]

1. d4 d5 2. c4 c6 3. cxd5 cxd5 4. Nc3 e6 5. Bf4 Bd7 6. e3 a6 7. Bd3 Nf6 8. Rc1
Nc6 9. h3 Qb6 10. Nge2 Be7 11. O-O Nb4 12. Bb1 Rc8 13. a3 Nc6 14. Na4 Qd8 15.
Nc5 Qb6 16. b4 a5 17. b5 Na7 18. Nxd7 Nxd7 19. Rxc8+ Nxc8 20. Qc2 Na7 21. a4 f5
22. Bc7 Nc8 23. Bxb6 Ncxb6 24. Nf4 g6 25. Nxe6 Kf7 26. Nc5 Rc8 27. Nxd7 Rxc2
28. Ne5+ Ke6 29. Bxc2 Bd6 30. f4 Nc4 31. Nxc4 dxc4 32. e4 Bb4 33. Rd1 fxe4 34.
Bxe4 b6 35. g4 c3 36. Kg2 h6 37. d5+ Kd6 38. Bxg6 Ke7 39. Bc2 Bd6 40. Kf3 Bb4
41. Ke4 Bc5 42. Rd3 Bb4 43. Kf5 Kd6 44. Kg6 Bc5 45. Kxh6 Bf2 46. g5 Bg3 47.
Rxg3 1-0

[Event "14. Lichtenberger Sommer"]
[Site "14. Lichtenberger Sommer"]
[Date "2015.08.15"]
[Round "1.92"]
[White "Kaufmann, Mathias"]
[Black "Neubart, Thomas"]
[Result "0-1"]
[WhiteElo "1541"]
[BlackElo "2042"]
[PlyCount "84"]
[EventDate "2015.??.??"]
[WhiteTeam "vereinslos"]
[BlackTeam "Berliner SchGes Eckbauer"]

1. d4 Nf6 2. c4 g6 3. Nf3 Bg7 4. Nc3 O-O 5. e3 d6 6. Be2 c6 7. O-O Qc7 8. Bd2
Nbd7 9. Rc1 e5 10. d5 Re8 11. e4 Nf8 12. Re1 h6 13. Be3 Ng4 14. Bd2 Qe7 15. h3
Nf6 16. Be3 Kh7 17. Qd2 Ng8 18. b3 f5 19. exf5 gxf5 20. Qc2 Ng6 21. Bd2 Kh8 22.
Qb1 e4 23. Nh2 Nf6 24. Rcd1 c5 25. Qc1 Qf8 26. Nb5 Rb8 27. Bf4 Nxf4 28. Qxf4
Re5 29. Nc3 Bd7 30. Qh4 Nh7 31. Bh5 Bf6 32. Qg3 f4 33. Qxf4 Rxh5 34. Nxe4 Be5
35. Qc1 Qg7 36. Kh1 Rg8 37. Rg1 Ng5 38. Ng3 Bxg3 39. fxg3 Ne4 40. Nf1 Nf2+ 41.
Kh2 Nxd1 42. Qxd1 Re5 0-1

[Event "14. Lichtenberger Sommer"]
[Site "14. Lichtenberger Sommer"]
[Date "2015.08.15"]
[Round "1.93"]
[White "Lawrenz, Sebastian"]
[Black "Nguyen Duc, Quang Nhat"]
[Result "1-0"]
[WhiteElo "1910"]
[BlackElo "1604"]
[PlyCount "48"]
[EventDate "2015.??.??"]
[WhiteTeam "SC Zitadelle Spandau"]
[BlackTeam "SC Friesen Lichtenberg"]

1. e4 e6 2. d4 d5 3. Nd2 c5 4. exd5 exd5 5. Ngf3 Nf6 6. Be2 Nc6 7. O-O Bd6 8.
dxc5 Bxc5 9. Nb3 Be7 10. Be3 O-O 11. c3 Bg4 12. Nfd4 Bxe2 13. Qxe2 Qd7 14. h3
Rfe8 15. Qc2 Rac8 16. Rad1 Ne4 17. Nxc6 bxc6 18. Qxe4 Bd8 19. Qf3 Bc7 20. c4
Qd6 21. g3 Qg6 22. cxd5 Rcd8 23. dxc6 Rd6 24. Rxd6 Bxd6 1-0

[Event "14. Lichtenberger Sommer"]
[Site "14. Lichtenberger Sommer"]
[Date "2015.08.15"]
[Round "1.94"]
[White "Stoffel, Patrick"]
[Black "Khorolskyi, Borys"]
[Result "0-1"]
[WhiteElo "1310"]
[BlackElo "1936"]
[PlyCount "76"]
[EventDate "2015.??.??"]
[WhiteTeam "vereinslos"]
[BlackTeam "vereinslos"]

1. e4 e6 2. d4 b6 3. Nc3 Bb7 4. Nf3 Bb4 5. Bd3 Nf6 6. Bg5 h6 7. Bxf6 Qxf6 8.
O-O Bxc3 9. bxc3 O-O 10. a4 d6 11. c4 Nc6 12. c3 e5 13. d5 Na5 14. Nd2 Ba6 15.
Qe2 Nb7 16. Nb3 Nc5 17. Rfb1 Rfb8 18. a5 Bc8 19. Nxc5 bxc5 20. a6 Rb6 21. Rxb6
cxb6 22. Bc2 Qg5 23. Qe1 g6 24. Ba4 Bh3 25. Qf1 f5 26. Kh1 Bg4 27. h3 Bh5 28.
Qd3 Rf8 29. Re1 fxe4 30. Qxe4 Rxf2 31. g4 Qh4 32. Re3 Rf4 33. Qd3 Rxg4 34. Bd7
e4 35. Qf1 Rf4 36. Qg1 Qf6 37. Kg2 Bf3+ 38. Kh2 g5 0-1

[Event "14. Lichtenberger Sommer"]
[Site "14. Lichtenberger Sommer"]
[Date "2015.08.15"]
[Round "1.95"]
[White "Scheide, Helmut"]
[Black "Wahner, Eberhard"]
[Result "1-0"]
[WhiteElo "1959"]
[BlackElo "1350"]
[PlyCount "47"]
[EventDate "2015.??.??"]
[WhiteTeam "USV Potsdam"]
[BlackTeam "vereinslos"]

1. Nf3 e6 2. d4 d5 3. e3 c5 4. c4 Nf6 5. Nc3 Nc6 6. a3 Be7 7. Bd3 O-O 8. O-O h6
9. h3 Re8 10. b3 a6 11. Bb2 cxd4 12. exd4 b6 13. Bc2 Bb7 14. Qd3 Rc8 15. cxd5
exd5 16. Rfe1 g6 17. Ne5 Nxe5 18. dxe5 Nh5 19. e6 Nf4 20. exf7+ Kxf7 21. Qd4
Qd6 22. Nb5 Qf6 23. Nd6+ Kg7 24. Rxe7+ 1-0

[Event "14. Lichtenberger Sommer"]
[Site "14. Lichtenberger Sommer"]
[Date "2015.08.15"]
[Round "1.96"]
[White "Schmole-Rostosky, Joachim"]
[Black "Kievelitz, Bernd"]
[Result "0-1"]
[WhiteElo "1598"]
[BlackElo "1922"]
[PlyCount "68"]
[EventDate "2015.??.??"]
[WhiteTeam "SF SW Merzhausen"]
[BlackTeam "SC Zitadelle Spandau"]

1. e4 c5 2. Nc3 a6 3. g3 b5 4. Bg2 Bb7 5. Nge2 e6 6. O-O Qc7 7. d4 cxd4 8. Qxd4
Nc6 9. Qd1 Nf6 10. a3 d6 11. Bf4 Be7 12. Re1 O-O 13. Nc1 Ne5 14. Nd3 Rfd8 15.
Qe2 Nc4 16. e5 Ne8 17. Bxb7 Qxb7 18. b3 Nxe5 19. Nxe5 dxe5 20. Bxe5 Nf6 21. b4
Rac8 22. Rac1 Rc4 23. Bxf6 Bxf6 24. Ne4 Be7 25. c3 Qc8 26. Qe3 Rc6 27. h4 h6
28. h5 f5 29. Nd2 Bf6 30. Nb1 e5 31. Red1 e4 32. Rxd8+ Qxd8 33. f4 Rxc3 34.
Nxc3 Bd4 0-1

[Event "14. Lichtenberger Sommer"]
[Site "14. Lichtenberger Sommer"]
[Date "2015.08.15"]
[Round "1.97"]
[White "Junge, Wolfgang"]
[Black "Gnaß, Erhard"]
[Result "1/2-1/2"]
[WhiteElo "1896"]
[BlackElo "1510"]
[PlyCount "77"]
[EventDate "2015.??.??"]
[WhiteTeam "SC Friesen Lichtenberg"]
[BlackTeam "SK Zehlendorf"]

1. d4 Nf6 2. c4 c5 3. d5 d6 4. Nc3 g6 5. e4 Bg7 6. f4 e5 7. fxe5 dxe5 8. Nf3
Bg4 9. Be2 Bxf3 10. Bxf3 a6 11. Be3 Nbd7 12. O-O O-O 13. Qc2 Ne8 14. Bg4 b6 15.
Qb3 Ndf6 16. Be2 Nd6 17. Bd3 Ng4 18. Rf3 Nxe3 19. Rxe3 Rb8 20. Qa3 Qc8 21. b4
Bh6 22. Rf3 cxb4 23. Qxb4 Qc5+ 24. Qxc5 bxc5 25. Na4 Rfc8 26. Rf6 Be3+ 27. Kf1
Ne8 28. Rxa6 Ra8 29. Nb6 Rxa6 30. Nxc8 Bd4 31. Rc1 Rxa2 32. Rc2 Ra1+ 33. Ke2
Ra8 34. Ne7+ Kf8 35. Nc6 Nd6 36. Nxd4 exd4 37. Kd1 f6 38. g4 g5 39. h3 1/2-1/2

[Event "14. Lichtenberger Sommer"]
[Site "14. Lichtenberger Sommer"]
[Date "2015.08.15"]
[Round "1.98"]
[White "Jiranek, Benno"]
[Black "Andersen, Jorgen Mosbech"]
[Result "0-1"]
[WhiteElo "1454"]
[BlackElo "2007"]
[PlyCount "58"]
[EventDate "2015.??.??"]
[WhiteTeam "SC Kreuzberg"]
[BlackTeam "Strömmen sjakklubb"]

1. d4 Nf6 2. c4 e6 3. Nc3 d5 4. Nf3 c6 5. Bf4 dxc4 6. e4 b5 7. a3 Bb7 8. e5 Nd5
9. Nxd5 cxd5 10. Bd2 a5 11. Be2 Be7 12. O-O Nc6 13. b4 Qb6 14. bxa5 Nxa5 15.
Bb4 Bxb4 16. axb4 Nb3 17. Rxa8+ Bxa8 18. Qb1 Nxd4 19. Nxd4 Qxd4 20. Qa1 Qxa1
21. Rxa1 O-O 22. g4 d4 23. Ra5 Rb8 24. f4 Be4 25. Kf2 g6 26. Bf3 Bc2 27. Bc6
Ba4 28. Ra7 c3 29. Rd7 c2 0-1

[Event "14. Lichtenberger Sommer"]
[Site "14. Lichtenberger Sommer"]
[Date "2015.08.15"]
[Round "1.99"]
[White "Baier, Reinhard"]
[Black "Lange, Johannes Friedrich"]
[Result "1-0"]
[WhiteElo "1976"]
[BlackElo "1506"]
[PlyCount "71"]
[EventDate "2015.??.??"]
[WhiteTeam "Berliner SchGes Eckbauer"]
[BlackTeam "Schachunion Berlin"]

1. e4 e5 2. Nc3 Nf6 3. f4 Nc6 4. Nf3 d6 5. d4 Bg4 6. d5 Nd4 7. Be3 Nxf3+ 8.
gxf3 Bd7 9. Qd2 Be7 10. O-O-O Nh5 11. f5 Bf6 12. Bb5 Bxb5 13. Nxb5 a6 14. Nc3
Qd7 15. Qg2 O-O-O 16. Ne2 Qa4 17. Kb1 Qb5 18. Rd3 a5 19. Rc1 a4 20. c4 Qd7 21.
Ra3 b5 22. cxb5 Qxb5 23. Rc2 Kd7 24. Nc3 Qd3 25. Nxa4 Qb5 26. Nc3 Qb7 27. Ra7
Qb4 28. Qe2 Nf4 29. Qb5+ Qxb5 30. Nxb5 Ke8 31. Rcxc7 Kf8 32. Rxf7+ Kg8 33. Bb6
Rc8 34. Nxd6 Rb8 35. Rfb7 Rf8 36. a4 1-0

[Event "14. Lichtenberger Sommer"]
[Site "14. Lichtenberger Sommer"]
[Date "2015.08.15"]
[Round "1.100"]
[White "Ho, Ngoc Hai-Dang"]
[Black "Schmidt, Jürgen"]
[Result "0-1"]
[WhiteElo "1264"]
[BlackElo "1936"]
[PlyCount "64"]
[EventDate "2015.??.??"]
[WhiteTeam "Schachunion Berlin"]
[BlackTeam "SC Kreuzberg"]

1. e4 e5 2. Nf3 Nc6 3. Bc4 Bc5 4. c3 Nf6 5. d4 exd4 6. cxd4 Bb4+ 7. Bd2 Bxd2+
8. Nbxd2 d6 9. d5 Ne5 10. Nxe5 dxe5 11. Qc2 O-O 12. O-O-O Qe7 13. Nb3 Rd8 14.
f3 a5 15. Be2 Rd6 16. Rd3 c6 17. Rhd1 cxd5 18. exd5 Bf5 19. Qd2 a4 20. Rc3 axb3
21. Rxb3 Rxd5 22. Qb4 Rc8+ 23. Bc4 Qxb4 24. Rxb4 b5 25. Rxd5 Nxd5 26. Rxb5
Rxc4+ 27. Kd2 Rd4+ 28. Ke1 h5 29. h4 Nf4 30. g3 Ng2+ 31. Kf1 Bd3+ 32. Kxg2 Bxb5
0-1

[Event "14. Lichtenberger Sommer"]
[Site "14. Lichtenberger Sommer"]
[Date "2015.08.15"]
[Round "1.101"]
[White "Weber, Sandra"]
[Black "Fock, Amina"]
[Result "1-0"]
[WhiteElo "1837"]
[BlackElo "1621"]
[PlyCount "57"]
[EventDate "2015.??.??"]
[WhiteTeam "SV Stuttgart-Wolfbusch"]
[BlackTeam "SK International Berlin"]

1. e4 d5 2. exd5 Qxd5 3. Nc3 Qd6 4. d4 Nf6 5. h3 c6 6. Nf3 Bf5 7. Bd3 Bxd3 8.
Qxd3 e6 9. O-O Qc7 10. Re1 Bb4 11. Bg5 Nbd7 12. Rad1 O-O 13. a3 Bxc3 14. Qxc3
Nd5 15. Qd2 f6 16. Bh4 Rfe8 17. Bg3 e5 18. dxe5 Nxe5 19. Nxe5 fxe5 20. Qg5 Nf4
21. Re4 h6 22. Qg4 Rf8 23. Rd7 Qxd7 24. Qxd7 Rab8 25. Rxe5 Ng6 26. Rf5 Rxf5 27.
Qxf5 Kh7 28. Bxb8 a6 29. Be5 1-0

[Event "14. Lichtenberger Sommer"]
[Site "14. Lichtenberger Sommer"]
[Date "2015.08.15"]
[Round "1.102"]
[White "Ziegel, Mandy Marie"]
[Black "Schubert, Joachim"]
[Result "0-1"]
[WhiteElo "1582"]
[BlackElo "1845"]
[PlyCount "74"]
[EventDate "2015.??.??"]
[WhiteTeam "SC Zugzwang 95 (Berlin)"]
[BlackTeam "SC Friesen Lichtenberg"]

1. d4 f5 2. Nf3 Nf6 3. c4 b6 4. g3 Bb7 5. Bg2 e6 6. O-O Be7 7. Nc3 O-O 8. a3
Qe8 9. b4 a5 10. Rb1 axb4 11. Nb5 Na6 12. axb4 c6 13. Nc3 Nxb4 14. Nd2 Qh5 15.
Qb3 Rfb8 16. Ba3 c5 17. d5 Ra5 18. e4 Rba8 19. Nb5 fxe4 20. d6 Bd8 21. Bxb4
cxb4 22. Qxb4 Bc6 23. Rfe1 Ra4 24. Qc3 Qc5 25. Re3 Ng4 26. Re2 Bf6 27. Qc2 e3
28. fxe3 Bxg2 29. Nb3 Qh5 30. Rxg2 Nxe3 31. Qe2 Qg6 32. Rc1 Nxg2 33. Qxg2 Qd3
34. Qc2 Qe3+ 35. Kh1 Ra2 36. Qd1 Qe4+ 37. Kg1 Qg2# 0-1

[Event "14. Lichtenberger Sommer"]
[Site "14. Lichtenberger Sommer"]
[Date "2015.08.15"]
[Round "1.103"]
[White "Fock, Sana"]
[Black "Landt, Stefan"]
[Result "0-1"]
[WhiteElo "1532"]
[BlackElo "1903"]
[PlyCount "71"]
[EventDate "2015.??.??"]
[WhiteTeam "SK International Berlin"]
[BlackTeam "SV Berolina Mitte"]

1. e4 c6 2. d4 d5 3. e5 Bf5 4. Nf3 e6 5. Be3 Qb6 6. Qd2 Qxb2 7. Be2 Qxa1 8. O-O
Qxa2 9. Bd3 Bxd3 10. Qxd3 Qc4 11. Qd2 Bb4 12. c3 Ba5 13. Bg5 Nd7 14. Qe3 Ne7
15. Nfd2 Qa6 16. Rc1 c5 17. dxc5 Nc6 18. Nb3 Ndxe5 19. N1d2 b6 20. Ra1 Qd3 21.
Nxa5 Qxe3 22. Bxe3 Nxa5 23. cxb6 axb6 24. Bxb6 Nec6 25. Kf1 Kd7 26. Rd1 Rhb8
27. Be3 Nb3 28. Nxb3 Rxb3 29. c4 d4 30. Bxd4 Nxd4 31. Rxd4+ Kc6 32. g3 Ra2 33.
Rf4 f5 34. Kg2 g5 35. Rf3 Rxf3 36. Kxf3 0-1

[Event "14. Lichtenberger Sommer"]
[Site "14. Lichtenberger Sommer"]
[Date "2015.08.15"]
[Round "1.104"]
[White "Jacob, Karl"]
[Black "Raasch, Hauke"]
[Result "1-0"]
[WhiteElo "1784"]
[BlackElo "1211"]
[PlyCount "57"]
[EventDate "2015.??.??"]
[WhiteTeam "SF Hettstedt"]
[BlackTeam "SC Eintracht Berlin e.V."]

1. Nf3 d5 2. d4 e6 3. Bf4 f5 4. Nbd2 c6 5. e3 Nf6 6. Be2 Be7 7. Ne5 O-O 8. Ndf3
Ne4 9. h4 Nd7 10. Bd3 Ndf6 11. Ng5 Nxg5 12. hxg5 Ne4 13. Qh5 Nxg5 14. Bxg5 h6
15. Bxh6 Qe8 16. Bf4 Qxh5 17. Rxh5 Bf6 18. Ke2 Bxe5 19. Bxe5 Kf7 20. Rah1 Bd7
21. Rg5 Rg8 22. Rh7 Kf8 23. Rgxg7 Rxg7 24. Rxg7 Be8 25. g4 fxg4 26. Bg6 Bxg6
27. Rxg6 Re8 28. Rxg4 Kf7 29. Rg7+ 1-0